000 00784nam a22002057a 4500
999 _c1551
_d1551
003 AR-CdUCM
008 190227b ||||| |||| 00| 0 spa d
040 _aMUNICIPALIDAD PROVINCIAL DEL CUSCO
_cBIBLIOTECA MUNICIPAL DEL CUSCO
082 _a334.003 /
_bC29
100 _aCarpesa, E.
_95824
245 _aCómo organizar y dirigir cooperativas /
260 _aLima :
_bLibreria Autores Peruanos,
_c1970.
300 _a68 páginas ;
_c17 cm.
505 _aContenido: Organización y funcionamiento de las cooperativas agrarias -- De los socios -- Del régimen económico -- Del régimen administrativo -- De la asamblea general ...
650 _aCooperativas agrícolas
_95825
650 _aAdministración
_94472
650 _aPolítica
_9291
942 _2ddc
_cLIBROS
945 _aachl